Lecciones de seguridad social

Sparad:
Bibliografiska uppgifter
Huvudupphovsman: Arellano Ortiz, Pablo Andrés (autor)
Materialtyp: Bok
Språk:spanska
Publicerad: Santiago Librotecnia 2015
Upplaga:1a. ed
Ämnen:
Taggar: Lägg till en tagg
Inga taggar, Lägg till första taggen!

MARC

LEADER 00000cam a2200000 a 4500
001 UCE7712
003 CL-VaPUC
008 150703e20150000cl |||||||||||||||||spa|d
020 |a 9789563271287 
082 0 4 |a 344.8302  |b ARE  |2 21 
100 |a Arellano Ortiz, Pablo Andrés  |e autor  |9 883573 
245 1 0 |a Lecciones de seguridad social 
250 |a 1a. ed 
300 |a 360 p 
942 |c BK 
945 |d 20150703 10:05:00  |a dcastane 
260 |a Santiago  |b Librotecnia  |c 2015 
650 0 |a Seguridad social  |9 255322 
650 0 |a Política social  |9 257588 
650 7 |a LEGISLACION SOCIAL  |2 CL-VaPUC  |9 257176 
583 |a last modification  |c 20160912 05:32:25  |k Rodrigo Vera 
999 |c 359747  |d 359745 
952 |0 0  |1 0  |2 ddc  |3 erb  |4 0  |6 344_830200000000000_ARE_2015  |7 1  |8 C_LRYV  |9 469278  |a BIBDER  |b BIBDER  |i 5169194  |o 344.8302 ARE 2015  |p 5169194  |r 2023-01-25  |w 2019-11-23  |y BK_X  |z Catalogado en:20150703  |k BRV 
952 |0 0  |1 0  |3 erb  |4 0  |6 344_830200000000000_ARE_2015  |7 0  |8 A  |9 469279  |a BIBDER  |b BIBDER  |i 5169208  |l 5  |o 344.8302 ARE 2015  |p 5169208  |r 2023-08-28  |s 2023-08-21  |w 2019-11-23  |y BK  |z Catalogado en:20150703  |k DER 
952 |0 0  |1 0  |3 erb  |4 0  |6 344_830200000000000_ARE_2015  |7 0  |8 A  |9 469280  |a BIBDER  |b BIBDER  |i 5169216  |o 344.8302 ARE 2015  |p 5169216  |r 2023-01-25  |w 2019-11-23  |y BK  |z Catalogado en:20150703  |k DER